000 00577nam a22002297a 4500
003 UA-OsUOA
001 94245
007 ta
008 20130206b un ||||| |||| 00| 0 ukr d
100 _aГрехем К.
090 _a821.111
_bГ80
942 _cBK
040 _aUA-OsUOA
_bukr
_cUA-OsUOA
_dUA-OsUOA
245 _aВітер у верболозі
300 _a166 с.
955 _a3
041 _aukr
080 _a821.111
260 _aК.
_bМолодь
_c1985
650 7 _a82 Література. Літературознавство
_2UDC
999 _c380492
_d380492